| 000 | 00000nam##2200000za#4500 |
| 001 | 9.643013 |
| 003 | CaOODSP |
| 005 | 20210624223956 |
| 007 | cr ||||||||||| |
| 008 | 150407|2004||||xxc|||||o f|0| 0 fre|d |
| 040 | |aCaOODSP|bfre |
| 043 | |an-cn--- |
| 086 | 1 |aEn14-138/2004F-PDF |
| 110 | 1 |aCanada. |bEnvironnement Canada. |
| 245 | 10|aCarburant diesel à faible teneur en soufre et post-transformation des véhicules de transport en commun : |h[ressource électronique]|bleçons apprises - Région de Waterloo / |crédigé avec l'aide de Rob Bromley ; [co-publié par] l'Association pour la santé publique de l'Ontario. |
| 260 | |aOttawa - Ontario : |bEnvironnement Canada |cc2004. |
| 300 | |a4p.|bphotographies |
| 590 | |a14-08-Supp|b2014-04-10 |
| 691 | 07|aPollution atmosphérique|2gcpds |
| 691 | 07|aTransport en commun|2gcpds |
| 775 | 08|tLow sulphur diesel and transit bus retrofits : |w(CaOODSP)9.699006 |
| 856 | 40|ahttp://publications.gc.ca|qPDF|s2.43 Mo|uhttps://publications.gc.ca/collections/collection_2014/ec/En14-138-2004-fra.pdf |